Loading...
| History - World | 0 | 3 | 0 | 0 | 30 | 62 | 87.33 | 0 | 1 | 6.56 | 10.30 |
| Literature - European | 0 | 3 | 0 | 2 | 30 | 126 | 131.00 | 0 | 0 | 0.94 | 8.20 |
| Geography/Current Events | 0 | 3 | 0 | 1 | 30 | 76 | 88.00 | 0 | 1 | 15.87 | 34.26 |
| Literature - American | 0 | 3 | 0 | 0 | 30 | 37 | 81.00 | 1 | 2 | 11.90 | 20.51 |
| Science - Physics | 0 | 2 | 0 | 0 | 20 | 58 | 88.50 | 0 | 0 | 5.96 | 10.45 |
| Literature - British | 0 | 2 | 0 | 0 | 20 | 117 | 121.50 | 0 | 0 | 1.57 | 7.95 |
| Fine Arts - Other | 0 | 2 | 0 | 1 | 20 | 132 | 139.00 | 0 | 1 | 0.52 | 9.09 |
| Fine Arts - Visual | 0 | 2 | 1 | 0 | 15 | 71 | 104.00 | 0 | 1 | 5.21 | 11.31 |
| History - European | 0 | 1 | 0 | 0 | 10 | 62 | 62.00 | 0 | 1 | 4.65 | 3.64 |
| Mythology | 0 | 1 | 0 | 1 | 10 | 117 | 117.00 | 0 | 0 | 1.09 | 3.03 |
| Science - Chemistry | 0 | 1 | 0 | 0 | 10 | 108 | 108.00 | 0 | 0 | 0.77 | 3.64 |
| History - Other | 0 | 1 | 0 | 1 | 10 | 64 | 64.00 | 0 | 1 | 4.44 | 7.27 |
| Literature - World/Other | 0 | 1 | 0 | 0 | 10 | 118 | 118.00 | 0 | 0 | 1.59 | 5.05 |
| Science - Biology | 0 | 1 | 1 | 0 | 5 | 92 | 92.00 | 0 | 0 | 2.51 | 4.55 |
| History - American | 0 | 1 | 1 | 0 | 5 | 65 | 65.00 | 0 | 1 | 4.25 | 6.36 |
| Science - Other | 0 | 0 | 1 | 0 | -5 | 0.00 | 0 | 0 | 0.00 | 0.00 |